01036nam a2200229Ia 4500008004100000020001800041050001900059100002900078240003300107245013500140260003600275300003100311490003300342500003900375500004600414504003200460505015200492650003500644650003300679650005000712700004400762120625s2011 sp r 001 0 spa d a9788475094427 4aLB1028 bM66181 aWoods, Peter e , autor 10aInside Schools. lEspañol 13aLa escuela por dentro b : la etnografía en la investigación educativa c / Peter Woods ; traducción Marco Aurelio Galmarini aEspañab : Paidós c . 2011 a220 páginas c ; 22 cm. 0 aTemas de Educación v ; 2  aTítulo original: Inside Schools  a1a. edición 1987 8a. reimpresión 2011 aBibliografía: pp. 203-2130 aLa etnografía y el maestro El comienzo de la investigación Observación Entrevistas Materiales escritos Análisis Teoría Redacción  4aEDUCACIÓN xINVESTIGACIÓN  4aOBSERVACIÓN PARTICIPATIVA  4aINVESTIGACIÓN xACCIÓN EN LA EDUCACIÓN 1 aGalmanari, Marco Aurelioe , traductor